La Propuesta de MONADESO en la coyuntura electoral /
En 1998 en Panamá, se proclama la creación del Movimiento Nacional por la Defensa de la Soberanía, que enfoca su atención en los problemas que vive el país y aborda las siguientes tareas como prioridad en su lucha: se opone a la privatización de los servicios públicos, lucha por la salud, seguridad...
Gespeichert in:
| 1. Verfasser: | |
|---|---|
| Format: | Text |
| Schlagworte: | |
| Tags: |
Tag hinzufügen
Keine Tags, Fügen Sie den ersten Tag hinzu!
|
MARC
| LEADER | 00000 a a2200000 04500 | ||
|---|---|---|---|
| 001 | 18412 | ||
| 003 | |||
| 040 | |||
| 100 | |a Gandásegui H, Marco A. | ||
| 245 | |a La Propuesta de MONADESO en la coyuntura electoral / |c Marco A. Gandásegui H | ||
| 520 | |a En 1998 en Panamá, se proclama la creación del Movimiento Nacional por la Defensa de la Soberanía, que enfoca su atención en los problemas que vive el país y aborda las siguientes tareas como prioridad en su lucha: se opone a la privatización de los servicios públicos, lucha por la salud, seguridad social y jubilaciones especiales a los educadores, defiende las conquistas laborales, pantea la explotación racional de los recursos mineros, vela por la soberanía del país rechazando la presencia y operaciones de fuerzas militares extranjeras especialmente en lo que concierne al Canal de Panamá. REV/LCL | ||
| 650 | |a ORGANIZACIONES NO GUBERNAMENTALES | ||
| 650 | |a DEFENSA | ||
| 650 | |a SOBERANIA | ||
| 650 | |a PRIVATIZACION | ||
| 650 | |a JUBILACION | ||
| 773 | |g número 102; páginas 133-140 | ||
| 999 | |c 24004 |d 24004 | ||
